00397pab a2200145 454500008004000000100001600040245002600056260000900082300001300091362000800104650002600112700002100138700002500159773006700184180718b2011 xxu||||| |||| 00| 0 eng d aLight, Ryan aRacial discrimination c2011 ap.39-59. aMar aRacial discrimination aKalev, Alexandra aRoscigno, Vincent J. aAnnals of the American Academy of Political and Social Science